Outline of principal legal issues relating to real estate investments in Spain. (Record no. 89532)

MARC details
000 -LEADER
fixed length control field 00802cam a2200265 4500
001 - CONTROL NUMBER
control field M1284
008 - FIXED-LENGTH DATA ELEMENTS--GENERAL INFORMATION
fixed length control field 090401t1992 xxu||||| |||| 00| 0 eng d
035 ## - SYSTEM CONTROL NUMBER
System control number (Sirsi) u30939
041 ## - LANGUAGE CODE
Language code of text/sound track or separate title eng
050 ## - LIBRARY OF CONGRESS CALL NUMBER
Classification number 332.63240946
110 ## - MAIN ENTRY--CORPORATE NAME
Corporate name or jurisdiction name as entry element Bufete Roig Aran
9 (RLIN) 2765
245 ## - TITLE STATEMENT
Title Outline of principal legal issues relating to real estate investments in Spain.
260 ## - PUBLICATION, DISTRIBUTION, ETC.
Place of publication, distribution, etc. Barcelona, Spain
Name of publisher, distributor, etc. Bufete Roig Aran
Date of publication, distribution, etc. 1992
300 ## - PHYSICAL DESCRIPTION
Extent 25p. ; 30cm.
350 ## - PRICE (NR) (BK AM CF MU VM SE) [OBSOLETE]
Price 0
490 ## - SERIES STATEMENT
Series statement MIPIM
Volume/sequential designation 92
520 ## - SUMMARY, ETC.
Summary, etc. International Property Market (Marche International des Professionnels de l`Immobilier), Cannes 14-17 March 1992.
650 ## - SUBJECT ADDED ENTRY--TOPICAL TERM
Topical term or geographic name entry element FOREIGN INVESTMENT
650 ## - SUBJECT ADDED ENTRY--TOPICAL TERM
Topical term or geographic name entry element LAW
650 ## - SUBJECT ADDED ENTRY--TOPICAL TERM
Topical term or geographic name entry element SPAIN
650 ## - SUBJECT ADDED ENTRY--TOPICAL TERM
Topical term or geographic name entry element TAXES
690 ## - LOCAL SUBJECT ADDED ENTRY--TOPICAL TERM (OCLC, RLIN)
Topical term or geographic name as entry element PROPERTY-PROPERTY FINANCE AND INVESTMENT
942 ## - ADDED ENTRY ELEMENTS (KOHA)
Suppress in OPAC 0
948 ## - LOCAL PROCESSING INFORMATION (OCLC); SERIES PART DESIGNATOR (RLIN)
c (OCLC) 04/03/1997
Holdings
Withdrawn status Lost status Source of classification or shelving scheme Damaged status Not for loan Home library Current library Shelving location Date acquired Total Checkouts Full call number Barcode Date last seen Date last checked out Copy number Price effective from Koha item type
    Dewey Decimal Classification     London London Basement 16/02/1993 2 BASEMENT 30044130 06/08/2019 20/12/2001 1 06/08/2019 Book